000 01452nam a2200229Ii 4500
008 221202s xx 000 0 und d
100 1 _aBakhshizadeh, Marziyeh,
_eauthor
245 0 _aChanging Gender Norms in Islam Between Reason and Revelation
264 _bVerlag Barbara Budrich
_c2018
300 _a1 online resource (247 pages)
336 _atext
_btxt
_2rdacontent
337 _acomputer
_bc
_2rdamedia
338 _aonline resource
_bcr
_2rdacarrier
520 _aWomen's movements in Islamic countries have had a long and arduous journey in their quest for the realization of human rights and genuine equality. The author examines whether discriminatory laws against women do in fact originate from Islam and, ultimately, if there is any interpretation of Islam compatible with gender equality. She investigates women's rights in Iran since the 1979 Revolution from the perspectives of the main currents of Islamic thought, fundamentalists, reformists, and seculars, using a sociological explanation.
653 _aConvention On The Elimination Of All Forms Of Discrimination Against Women
653 _aFiqh
653 _aFundamentalist
653 _aIslamic Thought Streams
653 _aReformist And Secularist Women'S Rights Globalization
856 _uhttps://docs.google.com/spreadsheets/d/1yKIrdCPDAG_9c22mwoOIO2DOhtj65Wqa/edit?usp=sharing&ouid=106555315294820607512&rtpof=true&sd=true
_yList of Curated E-Books
942 _cE-BOOK
999 _c92224
_d92221